000 00661nam a22002537a 4500
003 UA-OsUOA
001 20455
007 ta
008 20031029b un ||||| |||| 00| 0 ukr d
100 _aГусев А.М.
090 _a910.3
_bГ96
942 _cBK
040 _aUA-OsUOA
_brus
_cUA-OsUOA
_dUA-OsUOA
245 _aОт Эльбруса до Антакртиды
_cХуд. В.Н.Ходоровский
300 _a240 с.
_bІлюстрації
955 _a0
041 _arus
080 _a910.3
260 _aМосква
_bСоветская Россия
_c1985
246 3 1 _aВып. 2
_n
044 _aRU
650 7 _2UDC
999 _c306632
_d306632